000 00898nam a22001937a 4500
999 _c57014
_d57014
003 Ge_BSU
005 20191009121221.0
008 191009b194 g ||||| |||| 00| 0 geo d
041 _ageo
080 _a821.353.1-311.6 ბ-45
100 _aბელიაშვილი, აკაკი
_94491
245 _aთავგადასავალი ბესიკ გაბაშვილისა :
_b რომანი. წ. 3 /
_cაკაკი ბელიაშვილი ; რედ. რ. გვეტაძე.
264 _aთბილისი :
_bსაბჭ. საქართველო ;
_c1948.
300 _a276 გვ. ;
_c21 სმ.
653 _aთავგადასავალი ბესიკ გაბაშვილისა
653 _aრომანი
700 _aგვეტაძე, რ.
_eრედაქტორი
_93715
942 _2udc
_cBK